Столин /воронежский губернатор/. О недоимках по счетам типографии

Доступно только в Электронных читальных залах Найти на картеНа карте
RUSMARC
00004059nac2a22002773x 450
001ea658d04-316f-4080-ac1c-d58988bdddb6
00520211209153037.0
100##$a20211120l1909 k y0rusy50 ca
1010#$arus
102##$aRU
105##$ay z |||||
1220#$ad19091013
2001#$aСтолин /воронежский губернатор/. О недоимках по счетам типографии
$j13 октября 1909
215##$a1 лист
251##$cДело
300##$aЗаголовок дела на папке: Письмо Столина (Воронежский Губернатор) - Звегинцеву Ал. Ив. (О недоимках по счетам типографии)
300##$aМашинописный текст
330##$aВходит в раздел описи: 1. Письма к А. И. Звегинцову. 3/ Письма имущественно-хозяйственного характера
461#0$1001fc48e33c-c630-4015-85dd-2f2aab656f45
$12001
$aЗвегинцев Александр Иванович, помещик Воронежской губернии, депутат III Государственной думы, член партии "Союз 17 октября"
$1251
$cФонд
$1852
$j932
462#0$1001ddcf82e7-7bd9-4c5e-b7f1-85df8b3febb3
$12001
$aДела постоянного хранения. 1899-1913 гг.
$vД. 655
$1251
$cОпись
$1852
$j1
5171#$aПисьмо Столина (Воронежский Губернатор) - Звегинцеву Ал. Ив. (О недоимках по счетам типографии)
600#1$aЗвегинцев
$bА. И.
$gАлександр Иванович
600#1$aСтолин
801#0$aRU
$bGA_RF
801#1$aRU
$bГлавНИВЦ
$c20211120
$2rusmarc
801#2$aRU
$bПБ им. Б.Н. Ельцина
$c20211209
$gRCR
$2rusmarc
852##$aГА РФ
$j655
937##$d171356595
$hГАРФ
035##$aRuPRLIB51062233
856##$uhttp://readingroom.main.prlib.ru/item.aspx?id_node=n171356595&mode=full
Формат отображения